Danh mục biểu thuế nhập khẩu ưu đãi và thuế giá trị gia tăng VAT

Salvato in:
Dettagli Bibliografici
Natura: Libro
Lingua:Undetermined
Pubblicazione: Hà Nội Chính trị Quốc gia 1999
Soggetti:
Tags: Aggiungi Tag
Nessun Tag, puoi essere il primo ad aggiungerne! !
Thư viện lưu trữ: Trung tâm Học liệu Trường Đại học Cần Thơ
LEADER 00573nam a2200181Ia 4500
001 CTU_39987
008 210402s9999 xx 000 0 und d
020 |c 100000 
082 |a 343.04 
082 |b D107/2000 
245 0 |a Danh mục biểu thuế nhập khẩu ưu đãi và thuế giá trị gia tăng VAT 
260 |a Hà Nội 
260 |b Chính trị Quốc gia 
260 |c 1999 
650 |a Value-added tax 
650 |x Rates and tables 
904 |i Nguyễn Quang Điền 
980 |a Trung tâm Học liệu Trường Đại học Cần Thơ